000 00342nam a2200133Ia 4500
005 20251222140033.0
008 251222s1900||||xx |||||||||||||| ||spa||
020 _a8475253067
082 _aREF.470/S36D
100 _aSegura Munguía, Santiago
245 0 _aDiccionario Etimológico Latín-Español
264 _bGenerales Anaya
942 _cLIB
999 _c3015
_d3015